Éditions locales Ouest-France - Statistiques

Statistiques générales
  • Ce quiz a été pris 6 fois
  • Le résultat moyen est 7 sur 35
Statistiques - réponses
Département Réponse % Correct
Morbihan Lorient
80%
Loire-Atlantique Nantes
80%
Morbihan Vannes
80%
Maine-et-Loire Cholet
60%
Vendée Les Sables-d'Olonne
60%
Manche Manche
40%
Mayenne Mayenne
40%
Morbihan Pontivy
40%
Morbihan Auray
20%
Finistère Brest - Nord-Finistère
20%
Loire-Atlantique Châteaubriant
20%
Côtes-d'Armor Dinan
20%
Orne Orne
20%
Finistère Quimper - Centre-Finistère
20%
Ille-et-Vilaine Rennes Nord-Ouest
20%
Ille-et-Vilaine Rennes Sud-Est
20%
Ille-et-Vilaine Saint-Malo - Dinard
20%
Maine-et-Loire Angers - Segré
0%
Calvados Caen - Bayeux - Falaise - Vire
0%
Vendée Challans - Saint-Gilles-Croix-de-Vie
0%
Ille-et-Vilaine Fougères - Vitré
0%
Côtes-d'Armor Lannion - Paimpol - Guingamp
0%
Vendée La Roche-sur-Yon - Fontenay-le-Comte
0%
Vendée Les Herbiers - Montaigu
0%
Côtes-d'Armor Loudéac - Rostrenen
0%
Loire-Atlantique Nantes Nord-Loire - Ancenis
0%
Loire-Atlantique Nantes Sud-Loire Vignoble
0%
Calvados Pays d'Auge
0%
Morbihan Ploërmel
0%
Loire-Atlantique Pornic - Pays de Retz
0%
Finistère Quimperlé - Concarneau
0%
Ille-et-Vilaine Redon - Pays de Vilaine
0%
Côtes-d'Armor Saint-Brieuc - Lamballe
0%
Loire-Atlantique Saint-Nazaire - La Baule - Guérande
0%
Sarthe Sarthe
0%
Aucun quiz correspondant
Distribution des résultats
% des personnes avec chaque résultat
Percentile par nombre de réponses
Votre historique - résultats
Vous n’avez pas pris ce quiz